书目信息 |
| 题名: |
汽车发动机燃油喷射技术
|
|
| 作者: | 李春明 主编 | |
| 分册: | ||
| 出版信息: | 北京 北京理工大学出版社 2008 |
|
| 页数: | 295页 | |
| 开本: | 26cm | |
| 丛书名: | ||
| 单 册: | ||
| 中图分类: | U464.136 | |
| 科图分类: | ||
| 主题词: | 汽车--电子控制--喷油器--高等教育--教材 , 汽车 , 电子控制 , 喷油器 | |
| 电子资源: | ||
| ISBN: | 978-7-5640-0032-5 | |
| 000 | 00978nam0 2200289 450 | |
| 001 | 012015000357 | |
| 005 | 20150911083010.29 | |
| 010 | @a978-7-5640-0032-5@dCNY33.00 | |
| 100 | @a20021111d2008 em y0chiy0110 ea | |
| 101 | 0 | @achi |
| 102 | @aCN@b110000 | |
| 105 | @aa z 000yy | |
| 106 | @ar | |
| 200 | 1 | @a汽车发动机燃油喷射技术@Aqi che fa dong ji ran you pen she ji shu@f李春明主编 |
| 205 | @a3版 | |
| 210 | @a北京@c北京理工大学出版社@d2008 | |
| 215 | @a295页@c图@d26cm | |
| 300 | @a21世纪高职高专规划教材·汽车类 | |
| 330 | @a本书根据教育部对高职高专人才培养目标的要求进行编写,系统地讲解了汽车发动机电子控制燃油喷射系统的结构、原理、故障诊断与维修方法,同时增加了电控柴油发动机燃油喷射系统的内容。 | |
| 606 | 0 | @a汽车@x电子控制@x喷油器@x高等教育@j教材 |
| 606 | 0 | @a汽车 |
| 606 | 0 | @a电子控制 |
| 606 | 0 | @a喷油器 |
| 690 | @aU464.136@v5 | |
| 701 | 0 | @a李春明@Ali chun ming@4主编 |
| 801 | 0 | @aCN@b碧洲教育@c20150716 |
| 905 | @a10447@f3@dU464.136@e250=3 | |
| 汽车发动机燃油喷射技术/李春明主编.-3版.-北京:北京理工大学出版社,2008 |
| 295页:图;26cm |
| 21世纪高职高专规划教材·汽车类 |
| ISBN 978-7-5640-0032-5:CNY33.00 |
| 本书根据教育部对高职高专人才培养目标的要求进行编写,系统地讲解了汽车发动机电子控制燃油喷射系统的结构、原理、故障诊断与维修方法,同时增加了电控柴油发动机燃油喷射系统的内容。 |
| ● |
| 相关链接 |
|
|
|
|
正题名:汽车发动机燃油喷射技术
索取号:U464.136/250=3
 
预约/预借
| 序号 | 登录号 | 条形码 | 馆藏地/架位号 | 状态 | 备注 |
| 1 | 0849616 | 208496162 | 第二样本阅览室/ [索取号:U464.136/250=3] | 在馆 | |
| 2 | 0849617 | 208496171 | 第三借阅区/ [索取号:U464.136/250=3] | 在馆 | |
| 3 | 0849618 | 208496180 | 密集书库-物理学院/ [索取号:U464.136/250=3] | 在馆 |